[Event "Fexerj-ch Magistral 10th"]
[Site "Rio de Janeiro"]
[Date "1996.??.??"]
[Round "4"]
[White "Andre, Marco"]
[Black "Dias, Sergio S"]
[Result "1-0"]
[WhiteElo "2200"]
[BlackElo "2000"]
[PlyCount "85"]
[EventDate "1996.??.??"]
[EventType "swiss"]
[EventRounds "7"]
[EventCountry "BRA"]
[SourceTitle "EXT 2005"]
[Source "ChessBase"]
[SourceDate "2004.11.15"]
[SourceVersion "1"]
[SourceVersionDate "2004.11.15"]
[SourceQuality "1"]

1. e4 e5 2. Bc4 Bc5 3. Nf3 d6 4. 0-0 Nf6 5. Nc3 0-0 6. d3 Be6 7. Bxe6 fxe6 8. Na4 Bb6 9. c3 Nbd7 10. Nxb6 Nxb6 11. a4 a5 12. Qb3 Qe8 13. Be3 Nfd7 14. Ng5 Rf6 15. f4 h6 16. Nh3 exf4 17. Rxf4 Kh7 18. Raf1 Rxf4 19. Nxf4 d5 20. exd5 exd5 21. Bxb6 Nxb6 22. Nxd5 Nxd5 23. Qxd5 Qe3+ 24. Kh1 Rf8 25. Rg1 Qe2 26. Qxb7 Qxd3 27. Qxc7 Qe2 28. b4 axb4 29. cxb4 Rf1 30. h3 Rxg1+ 31. Kxg1 Qd1+ 32. Kf2 Qxa4 33. Qc5 Qa2+ 34. Kg3 Qe2 35. b5 h5 36. b6 Qe1+ 37. Kh2 h4 38. Qc7 Qa5 39. Qd6 Qa6 40. Qb4 Qb7 41. Qc5 Qb8+ 42. Qc7 Qf8 43. b7 1-0